| 000 | 00618nam a2200217Ia 4500 | ||
|---|---|---|---|
| 003 | OSt | ||
| 005 | 20230623154446.0 | ||
| 008 | 210423s2008 xx 000 0 und d | ||
| 020 | _a81-85753-71-7 | ||
| 040 | _cAL | ||
| 041 | _aeng | ||
| 082 | _a822.91409 MUKG | ||
| 100 |
_aMUKHERJEE (Tutun) _9112057 |
||
| 245 | _aGirish Karnads plays: performance and critical perspectives | ||
| 260 |
_aDelhi _bPencraft international _c2008 |
||
| 300 |
_a376 _bHB |
||
| 365 |
_b695 _cINR |
||
| 650 |
_aEnglish Drama _9112058 |
||
| 906 | _acritical ; Girish ; karnads ; performance ; perspectives ; plays: | ||
| 942 |
_2ddc _cBK |
||
| 999 |
_c167999 _d167999 |
||